Guide to compulsory purchase and compensation (Record no. 87473)

MARC details
000 -LEADER
fixed length control field 00418cam a2200181 4500
001 - CONTROL NUMBER
control field D9040
008 - FIXED-LENGTH DATA ELEMENTS--GENERAL INFORMATION
fixed length control field 090401t1962 xxu||||| |||| 00| 0 eng d
035 ## - SYSTEM CONTROL NUMBER
System control number (Sirsi) u17092
041 ## - LANGUAGE CODE
Language code of text/sound track or separate title eng
100 ## - MAIN ENTRY--PERSONAL NAME
Personal name Stewart-Brown, R.
245 ## - TITLE STATEMENT
Title Guide to compulsory purchase and compensation
250 ## - EDITION STATEMENT
Edition statement 5th
260 ## - PUBLICATION, DISTRIBUTION, ETC.
Name of publisher, distributor, etc. Sweet & Maxwell
Date of publication, distribution, etc. 1962
300 ## - PHYSICAL DESCRIPTION
Extent 140p
350 ## - PRICE (NR) (BK AM CF MU VM SE) [OBSOLETE]
Price 1.38
942 ## - ADDED ENTRY ELEMENTS (KOHA)
Suppress in OPAC 0
948 ## - LOCAL PROCESSING INFORMATION (OCLC); SERIES PART DESIGNATOR (RLIN)
c (OCLC) 04/03/1997
Holdings
Withdrawn status Lost status Source of classification or shelving scheme Damaged status Not for loan Home library Current library Shelving location Date acquired Cost, normal purchase price Total Checkouts Full call number Barcode Date last seen Copy number Cost, replacement price Price effective from Koha item type
    Dewey Decimal Classification     London London Basement 21/08/1991 1.38   SHELF 135 30022427 06/08/2019 1 1.38 06/08/2019 Reference material